Nuevos medios de comunicación y movilización transnacional: el caso del movimiento Zapatista /

Guardat en:
Dades bibliogràfiques
Autor principal: Schulz, Markus
Format: Text
Etiquetes: Afegir etiqueta
Sense etiquetes, Sigues el primer a etiquetar aquest registre!

MARC

LEADER 00000 a a2200000 04500
001 47675
003
040
100 |a Schulz, Markus  
245 |a Nuevos medios de comunicación y movilización transnacional:   |b el caso del movimiento Zapatista /  |c Markus S. Schulz  
773 |a volumen22, número44, (2014), páginas 171-194  
999 |c 39125  |d 39125